000 01729cam a22003737a 4500
999 _c1278
_d1278
001 17361611
003 GZU
005 20201002094259.0
008 120626s2013 enka b 001 0 eng d
010 _a 2012942929
015 _aGBB2A9671
_2bnb
016 7 _a016199660
_2Uk
020 _a9781446252420 (hbk.)
020 _a1446252426 (hbk.)
020 _a1446252434 (pbk.)
020 _a9781446252437 (pbk.)
035 _a(OCoLC)ocn816163725
040 _aUKMGB
_beng
_cUKMGB
_dOCLCO
_dYDXCP
_dBWK
_dCDX
_dYNK
_dYOU
_dLGG
_dMUU
_dDLC
042 _alccopycat
050 0 0 _aH62
_b.PAW 2013
100 1 _aPawson, Ray,
_d1948-
_eauthor
245 1 4 _aThe science of evaluation :
_ba realist manifesto /
_cRay Pawson.
260 _aLondon ;
_aThousand Oaks, Calif. :
_bSAGE,
_cc2013.
300 _axix, 216 p. :
_bill. ;
_c25 cm.
504 _aIncludes bibliographical references (p. [196]-209) and index.
505 0 _aPrecursors: seven pillars of realist wisdom -- First principles: a realist diagnostic workshop -- A complexity checklist -- Contested complexity -- Informed guesswork: the realist reponse to complexity -- Invisible mechanisms I: the long road to behavioural change -- Invisible mechanisms II: clinical interventions as social interventions -- Synthesis as science: the bumpy road to legislative change -- Conclusion: a mutually monitoring, disputatious community of truth seekers.
650 0 _aEvaluation research (Social action programs)
650 0 _aEvaluation.
650 0 _aPolicy sciences
_xResearch
_xEvaluation.
906 _a7
_bcbc
_ccopycat
_d2
_encip
_f20
_gy-gencatlg
942 _2lcc
_cBK
_h62
_iPAW
_kH